Gaming Quiz

Random Gaming or Video Games Quiz
Score 0/18 Timer 02:00
11 Plays Today
Hint Answer % Correct
Time Rift, Accelerate, Stop TimeChronos
83.2%
Spirit Arrow, Unravel, BackflipNeith
82.2%
Crescent Moon Dance, Moonlit Waltz, Moonflower DanceChang'e
81.9%
Vanish, Decoy, Aimed StrikeLoki
81.5%
Shifting Sands, Impale, DisperseAnhur
80.8%
Somersault, Overhand Smash, Sacred MonkeyHun Batz
79%
Fearless, Power Cleave, Change StanceTyr
75.4%
Shackles, Bolster Defenses, Searing FleshAres
74.8%
Death From Below, Shroud of Darkness, Devour SoulsHades
73.9%
Hint Answer % Correct
Demon Bag, Expose Evil, ExorcismZhong Kui
72.1%
So Beautiful, Serenade, The MovesApollo
68.3%
Driving Strike, Earthbreaker, Mitigate WoundsHercules
67.3%
Irradiate, Pulse, BanishFreya
67.1%
Water Illusion, Dragon Call, Wild StormAo Kuang
66.2%
Conviction, Warrior's Will, Taolu AssaultGuan Yu
64.2%
Charge Prey, Tail Whip, Sickening StrikeSobek
62.6%
Preemptive Strike, Confound, Shield WallAthena
57.9%
Transgressors Fate, Vengeful Assault, Suppress the InsolentArtemis
48.8%
Remove Ads.
Support Sporcle.
Get the best of Sporcle when you Go Orange. This ad-free experience offers more features, more stats, and more fun while also helping to support Sporcle. Thank you for becoming a member.

You're not logged in!

Compare scores with friends on all Sporcle quizzes.
OR
Log In

Show Comments

Extras

Top Quizzes Today


Score Distribution

Your Account Isn't Verified!

In order to create a playlist on Sporcle, you need to verify the email address you used during registration. Go to your Sporcle Settings to finish the process.

Report this User

Report this user for behavior that violates our Community Guidelines.

Details: